Normal view
MARC view
- قانون مدني -- مصر
Entry Topical Term
001 - CONTROL NUMBER
- control field: 46985
003 - CONTROL NUMBER IDENTIFIER
- control field: JO-AjAnu
005 - DATE AND TIME OF LATEST TRANSACTION
- control field: 20230606081748.0
008 - FIXED-LENGTH DATA ELEMENTS
- fixed length control field: 230606|| aca||aabn | a|a d
040 ## - CATALOGING SOURCE
- Original cataloging agency: JO-AjAnu
- Transcribing agency: JO-AjAnu
150 ## - HEADING--TOPICAL TERM
- Topical term or geographic name entry element: قانون مدني -- مصر
670 ## - SOURCE DATA FOUND
- Source citation: Work cat.: (JO-AjAnu)24047: مرقس، سليمان, author 46984, الوافى في شرح القانون المدني : أصول الإثبات وإجراءاته في المواد المدنية